000 00251nam a2200109Ia 4500
005 20251222155201.0
008 251222s9999||||xx |||||||||||||| ||spa||
082 _aREL.194
100 _aBENEDICTO XVI.
245 0 _aSalvados en esperanza
942 _cLIB
999 _c39947
_d39947